000 00378pab a2200145 454500
008 180718b1998 xxu||||| |||| 00| 0 eng d
100 _aAnand, Vinod K.
245 _aConventional wisdom in economics: focus on contemporary thinking
260 _c1998
300 _ap.219-32
362 _aOct
650 _aEconomics
773 _aIndian Journal of Economics
909 _a41406
999 _c41406
_d41406